<?xml version="1.0" encoding="UTF-8"?>
<record
    xmlns:xsi="http://www.w3.org/2001/XMLSchema-instance"
    xsi:schemaLocation="http://www.loc.gov/MARC21/slim http://www.loc.gov/standards/marcxml/schema/MARC21slim.xsd"
    xmlns="http://www.loc.gov/MARC21/slim">

  <leader>02152nam a2200265Ia 4500</leader>
  <controlfield tag="003">OSt</controlfield>
  <controlfield tag="005">20251115100912.0</controlfield>
  <controlfield tag="008">210210b2018   xxu||||| |||| 00| 0 eng d</controlfield>
  <datafield tag="020" ind1=" " ind2=" ">
    <subfield code="a">9789388587129</subfield>
  </datafield>
  <datafield tag="040" ind1=" " ind2=" ">
    <subfield code="c">AL</subfield>
  </datafield>
  <datafield tag="041" ind1=" " ind2=" ">
    <subfield code="a">Kannada</subfield>
  </datafield>
  <datafield tag="082" ind1=" " ind2=" ">
    <subfield code="a">294.5K CHIB</subfield>
  </datafield>
  <datafield tag="100" ind1=" " ind2=" ">
    <subfield code="a">CHIDANANDAMURTI (M) </subfield>
    <subfield code="9">161478</subfield>
    <subfield code="d">&#xC9A;&#xCBF;&#xCA6;&#xCBE;&#xCA8;&#xC82;&#xCA6;&#xCAE;&#xCC2;&#xCB0;&#xCCD;&#xCA4;&#xCBF; &#xC8E;&#xC82; </subfield>
  </datafield>
  <datafield tag="245" ind1=" " ind2=" ">
    <subfield code="a">Bharatiyate lingayata : hindu</subfield>
    <subfield code="b">&#xCAD;&#xCBE;&#xCB0;&#xCA4;&#xCC0;&#xCAF;&#xCA4;&#xCC6; &#xCB2;&#xCBF;&#xC82;&#xC97;&#xCBE;&#xCAF;&#xCA4; : &#xCB9;&#xCBF;&#xC82;&#xCA6;&#xCC2; </subfield>
  </datafield>
  <datafield tag="260" ind1=" " ind2=" ">
    <subfield code="a">Bengaluru</subfield>
    <subfield code="b">Sapna book house</subfield>
    <subfield code="c">2018</subfield>
  </datafield>
  <datafield tag="300" ind1=" " ind2=" ">
    <subfield code="a">xxviii,811p.</subfield>
  </datafield>
  <datafield tag="440" ind1=" " ind2=" ">
    <subfield code="a">Chidananda samagra samputa 13: &#xC9A;&#xCBF;&#xCA6;&#xCBE;&#xCA8;&#xC82;&#xCA6; &#xCB8;&#xCAE;&#xC97;&#xCCD;&#xCB0; &#xCB8;&#xC82;&#xCAA;&#xCC1;&#xC9F; &#xCE7;&#xCE9;</subfield>
    <subfield code="9">161479</subfield>
  </datafield>
  <datafield tag="520" ind1=" " ind2=" ">
    <subfield code="a">&#xC96;&#xCCD;&#xCAF;&#xCBE;&#xCA4; &#xCB8;&#xC82;&#xCB6;&#xCCB;&#xCA7;&#xC95; &#xCA1;&#xCBE;. &#xC8E;&#xC82;. &#xC9A;&#xCBF;&#xCA6;&#xCBE;&#xCA8;&#xC82;&#xCA6; &#xCAE;&#xCC2;&#xCB0;&#xCCD;&#xCA4;&#xCBF; &#xC85;&#xCB5;&#xCB0; &#xC95;&#xCC3;&#xCA4;&#xCBF;-&#xCAD;&#xCBE;&#xCB0;&#xCA4;&#xCC0;&#xCAF;&#xCA4;&#xCC6; (&#xCB2;&#xCBF;&#xC82;&#xC97;&#xCBE;&#xCAF;&#xCA4;: &#xCB9;&#xCBF;&#xC82;&#xCA6;&#xCC2;). &#xCB2;&#xCBF;&#xC82;&#xC97;&#xCBE;&#xCAF;&#xCA4; &#xC92;&#xC82;&#xCA6;&#xCC1; &#xCAA;&#xCCD;&#xCB0;&#xCA4;&#xCCD;&#xCAF;&#xCC7;&#xC95; &#xCA7;&#xCB0;&#xCCD;&#xCAE;, &#xCB9;&#xCBF;&#xC82;&#xCA6;&#xCC2; &#xCB5;&#xCBF;&#xCB0;&#xCCB;&#xCA7;&#xCBF;&#xCAF;&#xCBE;&#xC97;&#xCBF;&#xCA6;&#xCCD;&#xCA6;&#xCC1;. 12&#xCA8;&#xCC7; &#xCB6;&#xCA4;&#xCAE;&#xCBE;&#xCA6; &#xCB6;&#xCB0;&#xCA3;&#xCB0; &#xC86;&#xCB6;&#xCAF;&#xCB5;&#xCC7; &#xC87;&#xCA1;&#xCC0; &#xCA7;&#xCB0;&#xCCD;&#xCAE;&#xCA6; &#xCB8;&#xCBE;&#xCB0; &#xC8E;&#xC82;&#xCA6;&#xCC6;&#xCB2;&#xCCD;&#xCB2; &#xCB2;&#xCBF;&#xC82;&#xC97;&#xCBE;&#xCAF;&#xCA4;&#xCB0;&#xCC1; &#xCB5;&#xCBE;&#xCA6;&#xCBF;&#xCB8;&#xCC1;&#xCA4;&#xCCD;&#xCA4;&#xCBF;&#xCA6;&#xCCD;&#xCA6;&#xCB0;&#xCC6;, &#xCB2;&#xCBF;&#xC82;&#xC97;&#xCBE;&#xCAF;&#xCA4; &#xC8E;&#xC82;&#xCAC;&#xCC1;&#xCA6;&#xCC1; &#xCB9;&#xCBF;&#xC82;&#xCA6;&#xCC2; &#xCA7;&#xCB0;&#xCCD;&#xCAE;&#xCA6; &#xCAD;&#xCBE;&#xC97;&#xCB5;&#xCC7; &#xC86;&#xC97;&#xCBF;&#xCA6;&#xCC6; &#xC8E;&#xC82;&#xCAC; &#xCB5;&#xCBE;&#xCA6;&#xCB5;&#xCC2; &#xCAE;&#xCA4;&#xCCD;&#xCA4;&#xCCA;&#xC82;&#xCA6;&#xCC6;&#xCA1;&#xCC6;. &#xCAC;&#xCC7;&#xCB0;&#xCC6; &#xCAC;&#xCC7;&#xCB0;&#xCC6; &#xCA7;&#xCB0;&#xCCD;&#xCAE;&#xC95;&#xCCD;&#xC95;&#xCC6; &#xC95;&#xCBF;&#xCA4;&#xCCD;&#xCA4;&#xCBE;&#xCA1;&#xCBF;&#xCA6;&#xCBE;&#xC97; &#x2018;&#xCAD;&#xCBE;&#xCB0;&#xCA4;&#xCBF;&#xCAF;&#xCA4;&#xCC6;&#x2019; &#xC8E;&#xC82;&#xCAC; &#xC85;&#xCB8;&#xCCD;&#xCA4;&#xCBF;&#xCA4;&#xCCD;&#xCB5;&#xC95;&#xCCD;&#xC95;&#xCC6; &#xCA7;&#xC95;&#xCCD;&#xC95;&#xCC6; &#xCAC;&#xCB0;&#xCC1;&#xCA4;&#xCCD;&#xCA4;&#xCA6;&#xCC6; &#xC8E;&#xC82;&#xCAC; &#xC86;&#xCA4;&#xC82;&#xC95;&#xCB5;&#xCC2; &#xC87;&#xCA6;&#xCC6;. &#xC86;&#xCA6;&#xCB0;&#xCC6;, &#xCA7;&#xCB0;&#xCCD;&#xCAE;&#xC95;&#xCCD;&#xC95;&#xCBE;&#xC97;&#xCBF; &#xC95;&#xCBF;&#xCA4;&#xCCD;&#xCA4;&#xCBE;&#xCA1;&#xCBF;&#xCA6;&#xCB0;&#xCC6; &#xC9C;&#xCBE;&#xCA4;&#xCCD;&#xCAF;&#xCA4;&#xCC0;&#xCA4;&#x2019; &#xCAA;&#xCB0;&#xCBF;&#xC95;&#xCB2;&#xCCD;&#xCAA;&#xCA8;&#xCC6;&#xC97;&#xCC6; &#xCAC;&#xCC6;&#xCB2;&#xCC6; &#xC8F;&#xCB2;&#xCCD;&#xCB2;&#xCBF;? &#xC8E;&#xC82;&#xCAC; &#xCAA;&#xCCD;&#xCB0;&#xCB6;&#xCCD;&#xCA8;&#xCC6;&#xCAF;&#xCC2; &#xC87;&#xCA6;&#xCC6;. &#xC88; &#xC8E;&#xCB2;&#xCCD;&#xCB2; &#xCB8;&#xC82;&#xC97;&#xCA4;&#xCBF;&#xC97;&#xCB3; &#xCB9;&#xCBF;&#xCA8;&#xCCD;&#xCA8;&#xCC6;&#xCB2;&#xCC6;&#xCAF;&#xCB2;&#xCCD;&#xCB2;&#xCBF; &#xCB2;&#xCC7;&#xC96;&#xC95;&#xCB0;&#xCC1; &#xCA8;&#xCA1;&#xCC6;&#xCB8;&#xCBF;&#xCA6; &#xC9C;&#xCBF;&#xC9C;&#xCCD;&#xC9E;&#xCBE;&#xCB8;&#xCC6;&#xCAF;&#xCC7; &#xC88; &#xC95;&#xCC3;&#xCA4;&#xCBF;.</subfield>
  </datafield>
  <datafield tag="650" ind1=" " ind2=" ">
    <subfield code="a">lingayata:</subfield>
    <subfield code="9">161480</subfield>
  </datafield>
  <datafield tag="650" ind1=" " ind2=" ">
    <subfield code="a">hindu</subfield>
    <subfield code="9">161481</subfield>
  </datafield>
  <datafield tag="650" ind1=" " ind2=" ">
    <subfield code="a">Bharatiyate:</subfield>
    <subfield code="9">161482</subfield>
  </datafield>
  <datafield tag="690" ind1=" " ind2=" ">
    <subfield code="a">Hinduism</subfield>
    <subfield code="9">161483</subfield>
  </datafield>
  <datafield tag="906" ind1=" " ind2=" ">
    <subfield code="a">073962</subfield>
  </datafield>
  <datafield tag="942" ind1=" " ind2=" ">
    <subfield code="2">ddc</subfield>
    <subfield code="c">REF</subfield>
  </datafield>
  <datafield tag="999" ind1=" " ind2=" ">
    <subfield code="c">123763</subfield>
    <subfield code="d">123763</subfield>
  </datafield>
  <datafield tag="952" ind1=" " ind2=" ">
    <subfield code="0">0</subfield>
    <subfield code="1">0</subfield>
    <subfield code="2">ddc</subfield>
    <subfield code="4">0</subfield>
    <subfield code="7">0</subfield>
    <subfield code="8">OTH</subfield>
    <subfield code="a">AL</subfield>
    <subfield code="b">AL</subfield>
    <subfield code="c">SK</subfield>
    <subfield code="d">2021-02-17</subfield>
    <subfield code="e">Biblios Book Point, Surathkal-575014</subfield>
    <subfield code="g">650.00</subfield>
    <subfield code="l">0</subfield>
    <subfield code="o">294.5K CHIB</subfield>
    <subfield code="p">073962</subfield>
    <subfield code="r">2021-02-17 00:00:00</subfield>
    <subfield code="w">2021-02-17</subfield>
    <subfield code="y">BK</subfield>
  </datafield>
</record>
